J. Edgar /

Đã lưu trong:
Chi tiết về thư mục
Tác giả khác: Stern, Tom (Nhiếp ảnh gia), Eastwood, Clint (Giám đốc), DiCaprio, Leonardo (Diễn viên), Lucas, Josh (attore) (Diễn viên), Black, Dustin Lance (Người viết kịch bản), Hammer, Armie (Diễn viên), Dench, Judi (Diễn viên), Watts, Naomi (Diễn viên)
Định dạng: Luận văn Slide
Ngôn ngữ:Tiếng Italy
Tiếng Anh
Tiếng Pháp
Được phát hành: Milano : Warner home video, 2012
Các nhãn: Thêm thẻ
Không có thẻ, Là người đầu tiên thẻ bản ghi này!

MARC

LEADER 00000ngm a22000007i 4500
001 IT\ICCU\MOD\1601856
003 ItRI
005 20260124182818.0
008 120605s2012 it |||||||||||||||k|||||c
024 3 1 |a 5051891057814 
024 3 1 |a 5051892074506  |b versione per la vendita 
028 4 2 |a 1000289896 
040 |b ita 
041 7 |a ita  |a eng  |a fre  |2 ISO-639-2 
082 |a 791.43  |9 CINEMA  |2 12 
082 |a 791.43  |9 CINEMA  |2 19 
130 0 |a J. Edgar <film ; 2011>  |3 IT\ICCU\MOD\1601857 
245 0 0 |a J. Edgar /  |c un film di Clint Eastwood ; written by Dustin Lance Black ; director of photography Tom Stern. 
246 1 3 |a John Edgar  |9 IT\ICCU\PAV\0097214 
260 |a Milano :  |b Warner home video,  |c 2012 
300 |a 1 DVD-Video (circa 131 min) :  |b color., sonoro ;  |c 12 cm 
500 |a Caratteristiche tecniche: regione 2; video 16:9, 2.40:1 adatto a ogni tipo di tv; audio Dolby digital 5.1, 2.0 
500 |a Titolo del contenitore 
500 |a Film del 2011, produzione Stati Uniti 
500 |a Lingue: italiano, inglese, francese; sottotitoli: francese, olandese, italiano e inglese per non udenti 
502 |a Contenuti speciali: J. Edgar, a complicated man 
511 |a Interpreti: Leonardo Di Caprio, Naomi Watts, Armie Hammer, Josh Lucas, Judi Dench 
700 1 |a Stern, Tom  |0 IT\ICCU\LO1V\302629  |4 pht 
700 1 |a Eastwood, Clint  |0 IT\ICCU\RAVV\089533  |4 drt 
700 1 |a DiCaprio, Leonardo  |0 IT\ICCU\RAVV\099230  |4 act 
700 1 |a Lucas, Josh  |c  (attore)  |0 IT\ICCU\RAVV\344343  |4 act 
700 1 |a Black, Dustin Lance  |0 IT\ICCU\TO0V\626846  |4 sce 
700 1 |a Hammer, Armie  |0 IT\ICCU\UBOV\397284  |4 act 
700 1 |a Dench, Judi  |0 IT\ICCU\UBOV\636484  |4 act 
700 1 |a Watts, Naomi  |0 IT\ICCU\UBOV\757291  |4 act 
790 1 |a Di Caprio, Leonardo  |3 IT\ICCU\SBNV\053818  |z DiCaprio, Leonardo 
942 |2 ddc  |c VM  |n 0 
952 |0 0  |1 0  |4 0  |6 VO_1996_000000000000000  |7 0  |9 26754  |a BO  |b BO  |d 2026-01-24  |i 16777  |l 0  |o VO 1996  |p BO16777  |r 2026-01-24 18:28:18  |w 2026-01-24  |x [Sebina 7] [1 dvd]  |y VM  |z 1 dvd 
999 |c 22626  |d 22626